| 000 | 00552nam a22002057a 4500 | ||
|---|---|---|---|
| 003 | OSt | ||
| 005 | 20140310181802.0 | ||
| 008 | 130703t xxu||||| |||| 00| 0 eng d | ||
| 020 | _a0783529201 | ||
| 050 |
_aQC 981.3 _b.T583 1994 |
||
| 082 |
_aREF 500 _bT48w 1994 |
||
| 245 |
_aTime-life's illustrated world of Science : _bWeather and climate / |
||
| 260 |
_aAsia : _bTime Life, _cc1994. |
||
| 300 |
_a148 p. : _bill. , col. ; _c30 cm. |
||
| 520 | _a1. Weather. | ||
| 521 | _a | ||
| 541 | _j1 | ||
| 562 | _e1 | ||
| 942 |
_2lcc _cBK-GR _kREF |
||
| 999 |
_c3641 _d3641 |
||